[Event "ODJM C 2025"]
[Site "Willingen GER"]
[Date "2025.06.10"]
[Round "4"]
[White "Trush, Diana"]
[Black "Christoffers, Julia Anne"]
[Result "1-0"]
[Termination "normal"]
[Board "4"]
[WhiteElo "1708"]
[BlackElo "1587"]
[WhiteClock "00:21:52"]
[BlackClock "00:08:31"]
[PlyCount "85"]
[WhiteFideId "34644091"]
[BlackFideId "16249895"]
[EventCountry "GER"]
[EventRounds "9"]
[EventType "swiss"]
[EventDate "2025.06.07"]

1. e4 {[%clk 01:30:58]} {[%emt 00:00:02]} e6 {[%clk 01:30:55]} {[%emt
00:00:06]} 2. d4 {[%clk 01:31:23]} {[%emt 00:00:04]} d5 {[%clk 01:31:21]}
{[%emt 00:00:04]} 3. e5 {[%clk 01:31:49]} {[%emt 00:00:05]} c5 {[%clk
01:31:31]} {[%emt 00:00:18]} 4. c3 {[%clk 01:32:12]} {[%emt 00:00:07]} Nc6
{[%clk 01:31:33]} {[%emt 00:00:28]} 5. Nf3 {[%clk 01:32:36]} {[%emt 00:00:06]}
Qb6 {[%clk 01:31:35]} {[%emt 00:00:29]} 6. a3 {[%clk 01:32:54]} {[%emt
00:00:12]} a5 {[%clk 01:27:35]} {[%emt 00:04:30]} 7. Nbd2 {[%clk 01:28:32]}
{[%emt 00:04:51]} cxd4 {[%clk 01:25:03]} {[%emt 00:03:02]} 8. c4 {[%clk
01:25:26]} {[%emt 00:03:37]} Nge7 {[%clk 01:21:23]} {[%emt 00:04:09]} 9. Nb3
{[%clk 01:18:29]} {[%emt 00:07:27]} Ng6 {[%clk 01:15:32]} {[%emt 00:06:21]} 10.
cxd5 {[%clk 01:17:18]} {[%emt 00:01:41]} exd5 {[%clk 01:15:18]} {[%emt
00:00:44]} 11. Nbxd4 {[%clk 01:16:51]} {[%emt 00:00:57]} Nxd4 {[%clk 01:14:53]}
{[%emt 00:00:56]} 12. Nxd4 {[%clk 01:17:14]} {[%emt 00:00:07]} Nxe5 {[%clk
01:14:55]} {[%emt 00:00:28]} 13. Nc2 {[%clk 01:02:07]} {[%emt 00:15:37]} Be6
{[%clk 01:06:52]} {[%emt 00:08:32]} 14. Be3 {[%clk 01:02:07]} {[%emt 00:00:30]}
Qxb2 {[%clk 01:00:09]} {[%emt 00:07:14]} 15. Bd4 {[%clk 01:01:01]} {[%emt
00:01:35]} Bg4 {[%clk 00:41:25]} {[%emt 00:19:14]} 16. Bxb2 {[%clk 00:59:00]}
{[%emt 00:02:31]} Bxd1 {[%clk 00:40:55]} {[%emt 00:01:01]} 17. Kxd1 {[%clk
00:59:22]} {[%emt 00:00:07]} Ng4 {[%clk 00:40:33]} {[%emt 00:00:52]} 18. Bb5+
{[%clk 00:58:47]} {[%emt 00:01:06]} Kd8 {[%clk 00:40:27]} {[%emt 00:00:36]} 19.
Re1 {[%clk 00:58:59]} {[%emt 00:00:17]} Nxf2+ {[%clk 00:39:49]} {[%emt
00:01:09]} 20. Kc1 {[%clk 00:58:17]} {[%emt 00:01:12]} Be7 {[%clk 00:37:55]}
{[%emt 00:02:24]} 21. Bxg7 {[%clk 00:58:13]} {[%emt 00:00:33]} Bg5+ {[%clk
00:36:37]} {[%emt 00:01:48]} 22. Kb1 {[%clk 00:58:18]} {[%emt 00:00:26]} Rg8
{[%clk 00:36:56]} {[%emt 00:00:11]} 23. Be5 {[%clk 00:53:04]} {[%emt 00:05:43]}
Rc8 {[%clk 00:34:47]} {[%emt 00:02:39]} 24. Ne3 {[%clk 00:49:54]} {[%emt
00:03:39]} Rc5 {[%clk 00:32:26]} {[%emt 00:02:53]} 25. a4 {[%clk 00:49:17]}
{[%emt 00:01:06]} Bxe3 {[%clk 00:29:21]} {[%emt 00:03:35]} 26. Rxe3 {[%clk
00:49:35]} {[%emt 00:00:12]} Ng4 {[%clk 00:29:46]} {[%emt 00:00:05]} 27. Re1
{[%clk 00:48:51]} {[%emt 00:01:14]} Rg5 {[%clk 00:29:34]} {[%emt 00:00:41]} 28.
Bf4 {[%clk 00:49:00]} {[%emt 00:00:22]} Rg8 {[%clk 00:28:57]} {[%emt 00:01:07]}
29. Ra3 {[%clk 00:48:42]} {[%emt 00:00:48]} Nf6 {[%clk 00:29:02]} {[%emt
00:00:26]} 30. Bd6 {[%clk 00:48:15]} {[%emt 00:00:57]} Rxb5+ {[%clk 00:25:03]}
{[%emt 00:04:29]} 31. axb5 {[%clk 00:48:33]} {[%emt 00:00:12]} Ne4 {[%clk
00:25:31]} {[%emt 00:00:02]} 32. Bg3 {[%clk 00:47:41]} {[%emt 00:01:21]} Nd2+
{[%clk 00:25:38]} {[%emt 00:00:23]} 33. Kc2 {[%clk 00:47:55]} {[%emt 00:00:16]}
Nc4 {[%clk 00:25:38]} {[%emt 00:00:30]} 34. Bh4+ {[%clk 00:46:38]} {[%emt
00:01:46]} Kd7 {[%clk 00:25:31]} {[%emt 00:00:38]} 35. Rd3 {[%clk 00:46:40]}
{[%emt 00:00:28]} Rxg2+ {[%clk 00:25:23]} {[%emt 00:00:39]} 36. Kc3 {[%clk
00:43:26]} {[%emt 00:03:44]} Nb6 {[%clk 00:23:42]} {[%emt 00:02:11]} 37. Re7+
{[%clk 00:41:02]} {[%emt 00:02:53]} Kd6 {[%clk 00:23:07]} {[%emt 00:01:05]} 38.
Re4 {[%clk 00:35:31]} {[%emt 00:06:01]} Kc5 {[%clk 00:20:52]} {[%emt 00:02:45]}
39. Re5 {[%clk 00:21:03]} {[%emt 00:14:59]} Kd6 {[%clk 00:12:07]} {[%emt
00:09:15]} 40. Bg3 {[%clk 00:20:50]} {[%emt 00:00:42]} Na4+ {[%clk 00:10:24]}
{[%emt 00:02:14]} 41. Kd4 {[%clk 00:21:06]} {[%emt 00:00:14]} Nb2 {[%clk
00:08:38]} {[%emt 00:02:15]} 42. Re2+ {[%clk 00:21:28]} {[%emt 00:00:08]} Kd7
{[%clk 00:08:31]} {[%emt 00:00:38]} 43. Rxg2 {[%clk 00:21:52]} {[%emt
00:00:06]} 1-0

[Event "ODJM C 2025"]
[Site "Willingen GER"]
[Date "2025.06.10"]
[Round "4"]
[White "Schöning, Leopold"]
[Black "Stelter, Torge"]
[Result "1-0"]
[Termination "normal"]
[Board "5"]
[WhiteElo "1525"]
[BlackElo "1246"]
[WhiteClock "01:06:30"]
[BlackClock "00:58:30"]
[PlyCount "47"]
[WhiteFideId "34678964"]
[BlackFideId "533043698"]
[EventCountry "GER"]
[EventRounds "9"]
[EventType "swiss"]
[EventDate "2025.06.07"]

1. e4 {[%clk 01:29:54]} {[%emt 00:01:04]} e5 {[%clk 01:30:52]} {[%emt
00:00:09]} 2. Nf3 {[%clk 01:29:59]} {[%emt 00:00:25]} Nc6 {[%clk 01:31:11]}
{[%emt 00:00:11]} 3. Bc4 {[%clk 01:29:49]} {[%emt 00:00:40]} Bc5 {[%clk
01:31:36]} {[%emt 00:00:06]} 4. c3 {[%clk 01:29:59]} {[%emt 00:00:20]} Nf6
{[%clk 01:31:49]} {[%emt 00:00:16]} 5. d3 {[%clk 01:29:44]} {[%emt 00:00:45]}
d6 {[%clk 01:32:05]} {[%emt 00:00:14]} 6. Bb3 {[%clk 01:29:38]} {[%emt
00:00:37]} a6 {[%clk 01:31:39]} {[%emt 00:00:55]} 7. O-O {[%clk 01:28:44]}
{[%emt 00:01:24]} Bg4 {[%clk 01:31:45]} {[%emt 00:00:24]} 8. Nbd2 {[%clk
01:28:08]} {[%emt 00:01:06]} Qd7 {[%clk 01:29:53]} {[%emt 00:02:22]} 9. Re1
{[%clk 01:26:23]} {[%emt 00:02:15]} h5 {[%clk 01:28:45]} {[%emt 00:01:37]} 10.
Nf1 {[%clk 01:24:11]} {[%emt 00:02:42]} h4 {[%clk 01:25:38]} {[%emt 00:03:37]}
11. h3 {[%clk 01:23:16]} {[%emt 00:01:26]} Bh5 {[%clk 01:24:53]} {[%emt
00:01:15]} 12. Ne3 {[%clk 01:18:33]} {[%emt 00:05:13]} g5 {[%clk 01:21:51]}
{[%emt 00:03:32]} 13. Nf5 {[%clk 01:16:55]} {[%emt 00:02:08]} Rg8 {[%clk
01:19:02]} {[%emt 00:03:18]} 14. Nh6 {[%clk 01:10:46]} {[%emt 00:06:41]} Rg6
{[%clk 01:18:33]} {[%emt 00:00:58]} 15. Bxf7+ {[%clk 01:10:51]} {[%emt
00:00:25]} Ke7 {[%clk 01:17:47]} {[%emt 00:01:02]} 16. Bxg6 {[%clk 01:11:03]}
{[%emt 00:00:33]} Bxg6 {[%clk 01:18:13]} {[%emt 00:00:04]} 17. Bxg5 {[%clk
01:11:09]} {[%emt 00:00:23]} Bh5 {[%clk 01:12:49]} {[%emt 00:05:52]} 18. Nf5+
{[%clk 01:10:02]} {[%emt 00:01:39]} Kf7 {[%clk 01:08:15]} {[%emt 00:05:04]} 19.
Bxf6 {[%clk 01:08:24]} {[%emt 00:02:08]} Kxf6 {[%clk 01:08:08]} {[%emt
00:00:37]} 20. Qd2 {[%clk 01:08:07]} {[%emt 00:00:47]} Qf7 {[%clk 00:59:03]}
{[%emt 00:09:35]} 21. Qg5+ {[%clk 01:05:56]} {[%emt 00:02:42]} Ke6 {[%clk
00:59:14]} {[%emt 00:00:18]} 22. Ng7+ {[%clk 01:05:57]} {[%emt 00:00:29]} Kd7
{[%clk 00:59:09]} {[%emt 00:00:36]} 23. Nxh5 {[%clk 01:06:12]} {[%emt
00:00:15]} Rg8 {[%clk 00:58:30]} {[%emt 00:01:09]} 24. Nf6+ {[%clk 01:06:30]}
{[%emt 00:00:12]} 1-0

[Event "ODJM C 2025"]
[Site "Willingen GER"]
[Date "2025.06.10"]
[Round "4"]
[White "Abram, Kristina-Maria"]
[Black "Englert, Ann"]
[Result "1-0"]
[Termination "normal"]
[Board "6"]
[WhiteElo "1507"]
[BlackElo "1614"]
[WhiteClock "00:41:38"]
[BlackClock "00:44:24"]
[PlyCount "115"]
[WhiteFideId "16298349"]
[BlackFideId "34606181"]
[EventCountry "GER"]
[EventRounds "9"]
[EventType "swiss"]
[EventDate "2025.06.07"]

1. e4 {[%clk 01:30:54]} {[%emt 00:00:07]} c5 {[%clk 01:30:54]} {[%emt
00:00:06]} 2. d4 {[%clk 01:31:19]} {[%emt 00:00:06]} cxd4 {[%clk 01:30:59]}
{[%emt 00:00:22]} 3. Qxd4 {[%clk 01:31:43]} {[%emt 00:00:06]} Nc6 {[%clk
01:30:53]} {[%emt 00:00:37]} 4. Qd3 {[%clk 01:32:02]} {[%emt 00:00:07]} Nf6
{[%clk 01:30:51]} {[%emt 00:00:36]} 5. Nc3 {[%clk 01:32:22]} {[%emt 00:00:09]}
g6 {[%clk 01:30:55]} {[%emt 00:00:27]} 6. Nf3 {[%clk 01:32:20]} {[%emt
00:00:32]} d6 {[%clk 01:30:42]} {[%emt 00:00:43]} 7. Be2 {[%clk 01:32:17]}
{[%emt 00:00:32]} Bg7 {[%clk 01:30:51]} {[%emt 00:00:21]} 8. O-O {[%clk
01:31:56]} {[%emt 00:00:51]} O-O {[%clk 01:30:46]} {[%emt 00:00:36]} 9. Bg5
{[%clk 01:30:52]} {[%emt 00:01:31]} Be6 {[%clk 01:28:34]} {[%emt 00:02:45]} 10.
h3 {[%clk 01:25:03]} {[%emt 00:06:18]} a6 {[%clk 01:26:01]} {[%emt 00:03:04]}
11. Nd2 {[%clk 01:24:23]} {[%emt 00:01:10]} Ne5 {[%clk 01:24:01]} {[%emt
00:02:30]} 12. Qe3 {[%clk 01:24:28]} {[%emt 00:00:13]} Nc6 {[%clk 01:19:44]}
{[%emt 00:04:59]} 13. f4 {[%clk 01:22:02]} {[%emt 00:02:56]} Ne8 {[%clk
01:14:43]} {[%emt 00:05:31]} 14. Nf3 {[%clk 01:15:59]} {[%emt 00:06:32]} Nc7
{[%clk 01:13:14]} {[%emt 00:02:00]} 15. a3 {[%clk 01:14:39]} {[%emt 00:01:50]}
Re8 {[%clk 01:11:25]} {[%emt 00:02:18]} 16. Rad1 {[%clk 01:14:20]} {[%emt
00:00:49]} Qc8 {[%clk 01:09:52]} {[%emt 00:02:03]} 17. Nh2 {[%emt 00:08:58]}
Nb5 {[%clk 01:05:31]} {[%emt 00:04:27]} 18. Nxb5 {[%clk 01:03:24]} {[%emt
00:03:22]} axb5 {[%clk 01:05:55]} {[%emt 00:00:07]} 19. c3 {[%clk 01:03:09]}
{[%emt 00:00:45]} Bc4 {[%emt 00:02:23]} 20. Bxc4 {[%clk 01:03:05]} {[%emt
00:00:13]} bxc4 {[%emt 00:02:12]} 21. Ng4 {[%clk 01:00:45]} {[%emt 00:00:42]}
Qc7 {[%clk 01:02:58]} {[%emt 00:02:20]} 22. Bh6 {[%clk 00:58:20]} {[%emt
00:02:55]} e6 {[%clk 01:00:48]} {[%emt 00:02:42]} 23. Bxg7 {[%clk 00:56:55]}
{[%emt 00:01:53]} Kxg7 {[%clk 01:00:42]} {[%emt 00:00:35]} 24. f5 {[%clk
00:56:14]} Kf8 {[%clk 00:57:59]} {[%emt 00:04:26]} 25. fxg6 {[%clk 00:55:54]}
{[%emt 00:00:49]} hxg6 {[%clk 00:58:13]} {[%emt 00:00:17]} 26. Qh6+ {[%clk
00:56:09]} {[%emt 00:00:09]} Ke7 {[%clk 00:58:06]} {[%emt 00:00:42]} 27. Qg5+
{[%clk 00:56:28]} {[%emt 00:00:08]} Kf8 {[%clk 00:57:07]} {[%emt 00:01:33]} 28.
Rxf7+ {[%clk 00:52:44]} {[%emt 00:04:14]} Kxf7 {[%emt 00:04:11]} 29. Rf1+
{[%clk 00:53:03]} {[%emt 00:00:09]} Kg8 {[%clk 00:50:18]} {[%emt 00:03:39]} 30.
Qxg6+ {[%clk 00:47:13]} {[%emt 00:06:21]} Kh8 {[%clk 00:47:32]} {[%emt
00:03:16]} 31. Rf7 {[%clk 00:45:54]} {[%emt 00:01:46]} Qxf7 {[%clk 00:45:19]}
{[%emt 00:02:45]} 32. Qxf7 {[%clk 00:46:20]} {[%emt 00:00:04]} Re7 {[%clk
00:45:30]} {[%emt 00:00:18]} 33. Qf6+ {[%clk 00:46:06]} {[%emt 00:00:40]} Kg8
{[%clk 00:45:16]} {[%emt 00:00:49]} 34. Nh6+ {[%clk 00:44:59]} {[%emt
00:01:29]} Kh7 {[%emt 00:00:26]} 35. Nf7 {[%clk 00:43:20]} {[%emt 00:02:01]}
Rf8 {[%clk 00:44:21]} {[%emt 00:01:45]} 36. Ng5+ {[%clk 00:43:08]} {[%emt
00:00:42]} Kg8 {[%clk 00:44:41]} {[%emt 00:00:10]} 37. Qg6+ {[%clk 00:43:07]}
{[%emt 00:00:29]} Kh8 {[%clk 00:44:35]} {[%emt 00:00:39]} 38. Nxe6 {[%clk
00:42:56]} {[%emt 00:00:41]} Rff7 {[%clk 00:43:37]} {[%emt 00:01:27]} 39. Qh6+
{[%clk 00:43:03]} {[%emt 00:00:19]} Kg8 {[%emt 00:02:31]} 40. Nf4 {[%clk
00:41:02]} {[%emt 00:00:10]} Ne5 {[%clk 00:42:56]} {[%emt 00:01:36]} 41. Qxd6
{[%clk 00:40:16]} {[%emt 00:01:15]} Kf8 {[%clk 00:42:57]} {[%emt 00:00:29]} 42.
Nd5 {[%clk 00:40:05]} {[%emt 00:00:38]} Ke8 {[%clk 00:42:44]} {[%emt 00:00:46]}
43. Nxe7 {[%clk 00:40:27]} {[%emt 00:00:09]} Rxe7 {[%clk 00:43:08]} {[%emt
00:00:06]} 44. Qb4 {[%clk 00:39:39]} {[%emt 00:01:09]} Kf7 {[%clk 00:42:54]}
{[%emt 00:00:53]} 45. g4 {[%clk 00:39:57]} {[%emt 00:00:11]} Ke6 {[%clk
00:42:23]} {[%emt 00:01:01]} 46. Kg2 {[%clk 00:40:05]} {[%emt 00:00:18]} Rf7
{[%clk 00:42:21]} {[%emt 00:00:36]} 47. Qb6+ {[%clk 00:40:05]} {[%emt
00:00:26]} Nc6 {[%clk 00:42:27]} {[%emt 00:00:28]} 48. Kg3 {[%clk 00:40:08]}
{[%emt 00:00:24]} Ke5 {[%clk 00:42:36]} {[%emt 00:00:25]} 49. Qc5+ {[%clk
00:40:20]} {[%emt 00:00:13]} Kf6 {[%clk 00:42:52]} {[%emt 00:00:19]} 50. Qxc4
{[%clk 00:40:28]} {[%emt 00:00:22]} Ne5 {[%clk 00:43:01]} {[%emt 00:00:20]} 51.
Qd4 {[%clk 00:40:38]} {[%emt 00:00:13]} Rd7 {[%clk 00:43:18]} {[%emt 00:00:20]}
52. Qb6+ {[%clk 00:40:47]} {[%emt 00:00:15]} Nc6 {[%clk 00:43:33]} {[%emt
00:00:22]} 53. Kf4 {[%clk 00:40:57]} {[%emt 00:00:16]} Kg6 {[%clk 00:43:44]}
{[%emt 00:00:22]} 54. h4 {[%clk 00:41:03]} {[%emt 00:00:24]} Rf7+ {[%clk
00:44:01]} {[%emt 00:00:14]} 55. Kg3 {[%clk 00:41:19]} {[%emt 00:00:05]} Kh6
{[%clk 00:44:02]} {[%emt 00:00:37]} 56. Qc5 {[%clk 00:41:25]} {[%emt 00:00:17]}
Kg7 {[%clk 00:44:14]} {[%emt 00:00:25]} 57. g5 {[%clk 00:41:29]} {[%emt
00:00:27]} Kg6 {[%clk 00:44:24]} {[%emt 00:00:20]} 58. Kg4 {[%clk 00:41:38]}
{[%emt 00:00:17]} 1-0

[Event "ODJM C 2025"]
[Site "Willingen GER"]
[Date "2025.06.10"]
[Round "4"]
[White "Tamke, Quintus"]
[Black "Schmidt, Eric"]
[Result "0-1"]
[Termination "normal"]
[Board "7"]
[WhiteElo "1201"]
[BlackElo "1636"]
[WhiteClock "01:15:26"]
[BlackClock "00:45:46"]
[PlyCount "60"]
[WhiteFideId "533015856"]
[BlackFideId "34695419"]
[EventCountry "GER"]
[EventRounds "9"]
[EventType "swiss"]
[EventDate "2025.06.07"]

1. d4 {[%clk 01:30:59]} {[%emt 00:00:01]} Nf6 {[%clk 01:30:55]} {[%emt
00:00:06]} 2. Bg5 {[%clk 01:31:21]} {[%emt 00:00:08]} e6 {[%clk 01:31:07]}
{[%emt 00:00:16]} 3. c4 {[%clk 01:30:50]} {[%emt 00:01:01]} b6 {[%clk
01:31:23]} {[%emt 00:00:15]} 4. e4 {[%clk 01:30:32]} {[%emt 00:00:48]} Bb7
{[%clk 01:31:08]} {[%emt 00:00:44]} 5. Bd3 {[%clk 01:30:30]} {[%emt 00:00:32]}
Bb4+ {[%clk 01:31:07]} {[%emt 00:00:31]} 6. Nc3 {[%clk 01:30:14]} {[%emt
00:00:47]} h6 {[%clk 01:30:03]} {[%emt 00:01:33]} 7. Bxf6 {[%clk 01:30:31]}
{[%emt 00:00:13]} Qxf6 {[%clk 01:30:24]} {[%emt 00:00:08]} 8. Nf3 {[%clk
01:30:53]} {[%emt 00:00:09]} d6 {[%clk 01:29:25]} {[%emt 00:01:29]} 9. a3
{[%clk 01:30:58]} {[%emt 00:00:25]} Bxc3+ {[%clk 01:29:21]} {[%emt 00:00:34]}
10. bxc3 {[%clk 01:31:21]} {[%emt 00:00:07]} Nd7 {[%clk 01:27:54]} {[%emt
00:01:57]} 11. O-O {[%clk 01:30:25]} {[%emt 00:01:26]} c5 {[%clk 01:26:34]}
{[%emt 00:01:49]} 12. Bc2 {[%clk 01:28:43]} {[%emt 00:02:13]} O-O {[%clk
01:24:52]} {[%emt 00:02:12]} 13. Qd3 {[%clk 01:28:44]} {[%emt 00:00:28]} e5
{[%clk 01:21:36]} {[%emt 00:03:46]} 14. Rab1 {[%clk 01:26:38]} {[%emt
00:02:37]} Rfd8 {[%clk 01:16:39]} {[%emt 00:05:27]} 15. d5 {[%clk 01:24:07]}
{[%emt 00:03:02]} Nf8 {[%clk 01:08:02]} {[%emt 00:09:06]} 16. a4 {[%clk
01:18:32]} {[%emt 00:06:05]} Rab8 {[%clk 01:07:24]} {[%emt 00:01:09]} 17. Rb2
{[%clk 01:18:45]} {[%emt 00:00:16]} Bc8 {[%clk 00:58:43]} {[%emt 00:09:11]} 18.
a5 {[%clk 01:18:17]} {[%emt 00:00:58]} Rd7 {[%clk 00:58:26]} {[%emt 00:00:48]}
19. Rfb1 {[%clk 01:17:57]} {[%emt 00:00:49]} Rdb7 {[%clk 00:58:17]} {[%emt
00:00:39]} 20. Ba4 {[%clk 01:17:39]} {[%emt 00:00:48]} bxa5 {[%clk 00:55:53]}
{[%emt 00:02:53]} 21. Bb5 {[%clk 01:17:27]} {[%emt 00:00:43]} a6 {[%clk
00:52:51]} {[%emt 00:03:33]} 22. Bxa6 {[%clk 01:15:01]} {[%emt 00:02:55]} Rxb2
{[%clk 00:52:55]} {[%emt 00:00:25]} 23. Rxb2 {[%clk 01:15:23]} {[%emt
00:00:10]} Rxb2 {[%clk 00:53:14]} {[%emt 00:00:09]} 24. Bxc8 {[%clk 01:15:44]}
{[%emt 00:00:11]} Rb8 {[%clk 00:49:57]} {[%emt 00:03:46]} 25. Ba6 {[%clk
01:15:48]} {[%emt 00:00:25]} Ng6 {[%clk 00:49:41]} {[%emt 00:00:46]} 26. Qd1
{[%clk 01:15:46]} {[%emt 00:00:33]} Qf4 {[%clk 00:46:39]} {[%emt 00:03:31]} 27.
Qe2 {[%clk 01:14:31]} {[%emt 00:01:46]} Qc1+ {[%clk 00:45:33]} {[%emt
00:01:37]} 28. Qe1 {[%clk 01:14:38]} {[%emt 00:00:22]} Qxe1+ {[%clk 00:45:38]}
{[%emt 00:00:25]} 29. Nxe1 {[%clk 01:15:03]} {[%emt 00:00:06]} Rb1 {[%clk
00:45:31]} {[%emt 00:00:36]} 30. Kf1 {[%clk 01:15:26]} {[%emt 00:00:07]} Nf4
{[%clk 00:45:46]} {[%emt 00:00:15]} 0-1